Countries that Visit Turkey the Most - Statistics

General Stats
  • This quiz has been taken 201 times
  • The average score is 8 of 10
Answer Stats
# Visits Country % Correct
2,562,064 United Kingdom
95%
7,017,657 Russia
93%
5,027,472 Germany
90%
2,102,890 Iran
80%
1,547,996 Ukraine
73%
1,374,896 Iraq
72%
2,713,464 Bulgaria
71%
901,723 Azerbaijan
67%
1,995,254 Georgia
63%
1,117,290 Netherlands
53%
No matching quizzes found
Score Distribution
Percent of People with Each Score
Percentile by Number Answered
Your Score History
You have not taken this quiz